[Event "26. Copenhagen Open  (Politiken Cup)"]
[Site "Taastrup"]
[Date "2004.07.27"]
[Round "5"]
[White "Hansen, John Laurids"]
[Black "Sigurdsson, Thorgeir"]
[Result "0-1"]
[WhiteElo "1688"]
[BlackElo "1200"]
[PlyCount "36"]
[EventDate "2004.07.24"]
[EventType "swiss"]
[EventRounds "10"]
[EventCountry "DEN"]
[SourceDate "2004.01.01"]

1. e4 Nf6 2. e5 Nd5 3. c4 Nb6 4. Nc3 d6 5. exd6 exd6 6. Nf3 Bg4 7. d4 Nc6 8. a3
Bxf3 9. Qxf3 Nxd4 10. Qd1 Qe7+ 11. Be3 Nf5 12. Qf3 Nxe3 13. fxe3 c6 14. Bd3
Nxc4 15. b3 Qxe3+ 16. Qxe3+ Nxe3 17. Kd2 Nxg2 18. Rhg1 Nf4 0-1

[Event "26. Copenhagen Open  (Politiken Cup)"]
[Site "Taastrup"]
[Date "2004.07.27"]
[Round "5"]
[White "Hansen, Martin"]
[Black "Nilsson, Nils Specht"]
[Result "0-1"]
[WhiteElo "1732"]
[BlackElo "2140"]
[PlyCount "108"]
[EventDate "2004.07.24"]
[EventType "swiss"]
[EventRounds "10"]
[EventCountry "DEN"]
[SourceDate "2004.01.01"]

1. e4 c6 2. d4 d5 3. Nc3 g6 4. Nf3 Bg7 5. Be3 Nf6 6. e5 Ng4 7. Bf4 h5 8. Bd3
Bf5 9. Bxf5 gxf5 10. h3 Nh6 11. Qd2 e6 12. Ne2 Ng8 13. Be3 Ne7 14. h4 Ng6 15.
Nf4 Bf8 16. Rh3 c5 17. Nxg6 fxg6 18. Bg5 Qb6 19. c3 Nc6 20. Bf6 Rg8 21. O-O-O
cxd4 22. Nxd4 Nxd4 23. Qxd4 Bc5 24. Qa4+ Qc6 25. Qxc6+ bxc6 26. Rd2 Bb6 27.
Rhd3 c5 28. c4 d4 29. Rb3 Kd7 30. Rdd3 Kc6 31. Rg3 a6 32. Rg5 Ba5 33. Rbg3 Be1
34. Rxg6 Rxg6 35. Rxg6 Bxf2 36. Bg5 Re8 37. Kc2 d3+ 38. Kxd3 Bd4 39. Bf6 Bxb2
40. Rg5 Bd4 41. Rxh5 Rb8 42. Rh7 Rb2 43. Re7 Rxg2 44. Rxe6+ Kb7 45. h5 Rh2 46.
Re7+ Kc6 47. Rh7 Rh3+ 48. Ke2 f4 49. Bd8 f3+ 50. Ke1 Bxe5 51. Rf7 Bd4 52. h6
Rh1+ 53. Kd2 f2 54. Ke2 Re1+ 0-1

[Event "26. Copenhagen Open  (Politiken Cup)"]
[Site "Taastrup"]
[Date "2004.07.27"]
[Round "5"]
[White "Hansen, Rene Rauer"]
[Black "Royset, Paal"]
[Result "0-1"]
[WhiteElo "2066"]
[BlackElo "2232"]
[PlyCount "54"]
[EventDate "2004.07.24"]
[EventType "swiss"]
[EventRounds "10"]
[EventCountry "DEN"]
[SourceDate "2004.01.01"]

1. Nf3 Nf6 2. g3 d5 3. Bg2 c5 4. c3 Bf5 5. O-O Nc6 6. d4 e6 7. Nh4 Bg4 8. Bf3
Bh3 9. Re1 cxd4 10. cxd4 Qb6 11. e3 g5 12. Bg2 gxh4 13. Bxh3 hxg3 14. fxg3 h5
15. Rf1 Ne4 16. Qf3 Ng5 17. Qf6 Rg8 18. Bg2 Be7 19. Qf4 h4 20. b3 f5 21. Ba3
Bxa3 22. Nxa3 hxg3 23. h4 Nf7 24. Bxd5 exd5 25. Qxf5 Nd6 26. Qe6+ Ne7 27. Rf7
Nxf7 0-1

[Event "26. Copenhagen Open  (Politiken Cup)"]
[Site "Taastrup"]
[Date "2004.07.27"]
[Round "5"]
[White "Harstad, Christian"]
[Black "Tuomainen, Jari"]
[Result "1-0"]
[WhiteElo "2140"]
[BlackElo "1767"]
[PlyCount "80"]
[EventDate "2004.07.24"]
[EventType "swiss"]
[EventRounds "10"]
[EventCountry "DEN"]
[SourceDate "2004.01.01"]

1. d4 d5 2. c4 c6 3. Nf3 Nf6 4. Nc3 dxc4 5. a4 Bf5 6. e3 e6 7. Bxc4 Bb4 8. O-O
O-O 9. Qe2 Qe7 10. e4 Bg4 11. Bg5 Qe8 12. Qe3 Be7 13. Rfe1 Nbd7 14. Rad1 Kh8
15. Rd2 Bh5 16. d5 Bc5 17. Qe2 Ne5 18. dxc6 bxc6 19. Bf4 Nxf3+ 20. gxf3 e5 21.
Bg3 Bd4 22. Nd1 Nd7 23. Ne3 g6 24. Ng4 c5 25. Bb5 Rd8 26. Nf6 Qe6 27. Nxd7 Rxd7
28. Bxd7 Qxd7 29. Bxe5+ f6 30. Bxd4 cxd4 31. e5 Qf5 32. Rd3 Re8 33. e6 Kg7 34.
Qe4 Qh3 35. Qb7+ Kh6 36. Qe4 g5 37. Qxd4 Bxf3 38. Qxf6+ Kh5 39. Qxf3+ Qxf3 40.
Rxf3 h6 1-0

[Event "26. Copenhagen Open  (Politiken Cup)"]
[Site "Taastrup"]
[Date "2004.07.27"]
[Round "5"]
[White "Hein, Jacob"]
[Black "Lie, Terje"]
[Result "0-1"]
[WhiteElo "1351"]
[BlackElo "1094"]
[PlyCount "140"]
[EventDate "2004.07.24"]
[EventType "swiss"]
[EventRounds "10"]
[EventCountry "DEN"]
[SourceDate "2004.01.01"]

1. d4 Nf6 2. c4 e6 3. Nc3 Bb4 4. Qc2 O-O 5. Nf3 b6 6. Bg5 h6 7. Bh4 Bb7 8.
O-O-O Be7 9. Ne5 d6 10. Nf3 Nh5 11. Bxe7 Qxe7 12. Rg1 Nd7 13. g4 Bxf3 14. exf3
Nf4 15. Qd2 g5 16. h4 f6 17. hxg5 fxg5 18. Qe3 Qg7 19. Ne2 e5 20. Ng3 Rae8 21.
dxe5 Rxe5 22. Qd2 Nc5 23. Qc3 a5 24. Nf5 Rfxf5 25. gxf5 Rxf5 26. Qxg7+ Kxg7 27.
Rd4 Re5 28. Rxf4 Re1+ 29. Kd2 Rxf1 30. Rf7+ Kg6 31. Rg7+ Kxg7 32. Rxf1 h5 33.
Rg1 Kg6 34. f4 g4 35. Ke3 Kf5 36. Rd1 Na4 37. Rd5+ Kg6 38. Rg5+ Kh6 39. b3 Nc3
40. a3 Nd1+ 41. Ke2 Nc3+ 42. Kf1 Ne4 43. Rg8 Nd2+ 44. Ke2 Nxb3 45. Ke3 Kh7 46.
Rg5 Kh6 47. f3 gxf3 48. Kxf3 Nd2+ 49. Kg3 Nxc4 50. Kh4 Nxa3 51. Rxh5+ Kg6 52.
Rg5+ Kf6 53. Kg3 Nc4 54. Kf3 c6 55. Rg2 b5 56. Ke4 a4 57. Rf2 a3 58. Kd4 Kf5
59. Kc3 c5 60. Kb3 d5 61. Ka2 b4 62. Kb3 Nb2 63. Rf3 Nc4 64. Ka2 d4 65. Rf2 d3
66. Rf1 Ne3 67. Rf2 c4 68. Kb1 b3 69. Ka1 c3 70. Rf3 d2 0-1

[Event "26. Copenhagen Open  (Politiken Cup)"]
[Site "Taastrup"]
[Date "2004.07.27"]
[Round "5"]
[White "Helin, Mikael"]
[Black "Naes, Flovin Tor"]
[Result "0-1"]
[WhiteElo "1939"]
[BlackElo "2269"]
[PlyCount "56"]
[EventDate "2004.07.24"]
[EventType "swiss"]
[EventRounds "10"]
[EventCountry "DEN"]
[SourceDate "2004.01.01"]

1. e4 e5 2. Nc3 Nf6 3. Bc4 Nxe4 4. Qh5 Nd6 5. Bb3 Nc6 6. Nb5 g6 7. Qf3 f5 8.
Qd5 Qf6 9. Nxc7+ Kd8 10. Nxa8 b6 11. d3 Bb7 12. h4 h6 13. Qf3 Bg7 14. Qg3 Re8
15. c3 Bxa8 16. f3 Bb7 17. Ne2 Ba6 18. Bc2 e4 19. fxe4 fxe4 20. d4 Nf5 21. Qf4
Bd3 22. Kd1 Bf8 23. Bxd3 exd3 24. Ng3 Bd6 25. Ne4 Qe7 26. Qxh6 Qxe4 27. Qg5+
Be7 28. Qd2 Qg4+ 0-1

[Event "26. Copenhagen Open  (Politiken Cup)"]
[Site "Taastrup"]
[Date "2004.07.27"]
[Round "5"]
[White "Hjelm, Niclas"]
[Black "Lie, Kjetil A"]
[Result "0-1"]
[WhiteElo "2339"]
[BlackElo "2459"]
[PlyCount "80"]
[EventDate "2004.07.24"]
[EventType "swiss"]
[EventRounds "10"]
[EventCountry "DEN"]
[SourceDate "2004.01.01"]

1. Nf3 Nf6 2. c4 g6 3. d4 Bg7 4. Nc3 O-O 5. Bg5 h6 6. Bh4 c5 7. d5 d6 8. e3 e6
9. Nd2 exd5 10. cxd5 Na6 11. Nc4 Nc7 12. a4 Re8 13. Be2 b6 14. Bg3 Bf8 15. O-O
Ba6 16. Rb1 Bxc4 17. Bxc4 Bg7 18. b4 cxb4 19. Rxb4 Nh5 20. Rb3 Nxg3 21. hxg3
Qd7 22. Nb5 Re4 23. Nxc7 Qxc7 24. Bb5 h5 25. Qb1 Qe7 26. Rb4 Re5 27. Rc1 Rf8
28. Bc6 Bh6 29. Rc3 f5 30. a5 Qf6 31. axb6 axb6 32. Ra3 Re7 33. Rxb6 h4 34.
gxh4 Qxh4 35. Rb7 Re4 36. Ra8 Rxa8 37. Bd7 Bg7 38. Be6+ Kh8 39. Rxg7 Rb4 40.
Qc1 Kxg7 0-1

[Event "26. Copenhagen Open  (Politiken Cup)"]
[Site "Taastrup"]
[Date "2004.07.27"]
[Round "5"]
[White "Holst, Allan"]
[Black "Richards, Heather"]
[Result "1-0"]
[WhiteElo "2358"]
[BlackElo "2219"]
[PlyCount "59"]
[EventDate "2004.07.24"]
[EventType "swiss"]
[EventRounds "10"]
[EventCountry "DEN"]
[SourceDate "2004.01.01"]

1. d4 e6 2. g3 f5 3. Bg2 Nf6 4. c4 Bb4+ 5. Nd2 O-O 6. Ngf3 Ne4 7. O-O Bxd2 8.
Nxd2 Nd6 9. b3 Nf7 10. e4 e5 11. dxe5 Nxe5 12. exf5 Rxf5 13. f4 Nec6 14. Bb2 d6
15. Ne4 h6 16. g4 Rf7 17. Ng3 Ne7 18. g5 hxg5 19. fxg5 Rxf1+ 20. Bxf1 Be6 21.
Qd4 Qf8 22. Bd3 Nbc6 23. Qe4 Qc8 24. Qh7+ Kf8 25. Qxg7+ Ke8 26. Nh5 Ng8 27. Re1
Nce7 28. Nf6+ Nxf6 29. gxf6 Nc6 30. f7+ 1-0

[Event "26. Copenhagen Open  (Politiken Cup)"]
[Site "Taastrup"]
[Date "2004.07.27"]
[Round "5"]
[White "Holst, Conny"]
[Black "Bach, Matthias"]
[Result "1-0"]
[WhiteElo "2141"]
[BlackElo "2354"]
[PlyCount "53"]
[EventDate "2004.07.24"]
[EventType "swiss"]
[EventRounds "10"]
[EventCountry "DEN"]
[SourceDate "2004.01.01"]

1. d4 d5 2. c4 e6 3. Nf3 c5 4. cxd5 exd5 5. Nc3 Nc6 6. g3 Nf6 7. Bg2 Be7 8. O-O
O-O 9. Bg5 c4 10. Ne5 Be6 11. b3 Qa5 12. Qd2 Bb4 13. Nxc6 bxc6 14. Bxf6 gxf6
15. Rfc1 Rac8 16. bxc4 dxc4 17. a3 Be7 18. e4 Rfd8 19. Qe3 Rb8 20. d5 Bc8 21.
Bf1 Rb2 22. Nd1 Rb3 23. Qd4 cxd5 24. exd5 Rxd5 25. Qxc4 Rb8 26. Qf4 Bd6 27.
Rxc8+ 1-0

[Event "26. Copenhagen Open  (Politiken Cup)"]
[Site "Taastrup"]
[Date "2004.07.27"]
[Round "5"]
[White "Hvenekilde, Jorgen"]
[Black "Bindzus, Niels"]
[Result "1-0"]
[WhiteElo "2239"]
[BlackElo "2011"]
[PlyCount "71"]
[EventDate "2004.07.24"]
[EventType "swiss"]
[EventRounds "10"]
[EventCountry "DEN"]
[SourceDate "2004.01.01"]

1. d4 Nf6 2. c4 g6 3. Nc3 Bg7 4. e4 d6 5. f3 O-O 6. Be3 e5 7. Nge2 Nc6 8. d5
Ne7 9. Qd2 Nd7 10. O-O-O f5 11. Kb1 Nf6 12. h3 f4 13. Bf2 Nh5 14. Nc1 g5 15.
Bd3 Ng6 16. c5 Nf6 17. Nb3 h5 18. Rc1 Rf7 19. cxd6 cxd6 20. Rc2 Ne8 21. Rhc1 g4
22. hxg4 hxg4 23. a4 Nh4 24. Nb5 Nxg2 25. Bxa7 Ne3 26. Bb6 Qd7 27. Rc3 gxf3 28.
Na7 Qg4 29. Rxc8 Rxc8 30. Rxc8 Qg1+ 31. Ka2 Rf8 32. Rc2 Bh6 33. Qf2 Qg4 34. Rc1
Bg5 35. Rg1 Ng2 36. Nd2 1-0

[Event "26. Copenhagen Open  (Politiken Cup)"]
[Site "Taastrup"]
[Date "2004.07.27"]
[Round "5"]
[White "Hyldkrog, Mikkel"]
[Black "Fjellheim, Marius"]
[Result "1-0"]
[WhiteElo "1591"]
[BlackElo "1237"]
[PlyCount "105"]
[EventDate "2004.07.24"]
[EventType "swiss"]
[EventRounds "10"]
[EventCountry "DEN"]
[SourceDate "2004.01.01"]

1. c4 c6 2. Nc3 d5 3. cxd5 cxd5 4. d4 Bf5 5. Bf4 e6 6. e3 Nf6 7. Nf3 Qa5 8. Qb3
Bb4 9. a3 O-O 10. Qxb4 Qxb4 11. axb4 Nc6 12. Be2 Nxb4 13. O-O Rac8 14. Nh4 Bc2
15. Bd6 Nd3 16. Bxd3 Bxd3 17. Rac1 Rc6 18. Be5 Nd7 19. Nf3 a6 20. Na2 Rfc8 21.
Rxc6 Rxc6 22. Rc1 Rxc1+ 23. Nxc1 Bc4 24. Bd6 Bb5 25. Nb3 Nb6 26. Na5 Nc4 27.
Nxc4 dxc4 28. Nd2 f5 29. f3 Kf7 30. e4 Ke8 31. Kf2 Kd7 32. Be5 g6 33. g4 fxg4
34. fxg4 Kc6 35. Kf3 a5 36. Kf4 a4 37. Nb1 Kb6 38. Na3 Ka5 39. Nxb5 Kxb5 40. d5
exd5 41. exd5 Kb6 42. Ke4 Kc5 43. d6 Kc6 44. Kd4 b5 45. Kc3 g5 46. Kb4 h6 47.
h3 Kd7 48. Kxb5 a3 49. bxa3 c3 50. Bxc3 Kxd6 51. a4 Kc7 52. Bg7 h5 53. gxh5 1-0

[Event "26. Copenhagen Open  (Politiken Cup)"]
[Site "Taastrup"]
[Date "2004.07.27"]
[Round "5"]
[White "Jacobsen, Hans Endrup"]
[Black "Bank, Pelle Rodkjaer"]
[Result "0-1"]
[WhiteElo "2102"]
[BlackElo "2277"]
[PlyCount "94"]
[EventDate "2004.07.24"]
[EventType "swiss"]
[EventRounds "10"]
[EventCountry "DEN"]
[SourceDate "2004.01.01"]

1. e4 g6 2. d4 c6 3. Nf3 Bg7 4. Nc3 d5 5. Be3 dxe4 6. Nxe4 Bg4 7. Be2 Nh6 8. c3
O-O 9. O-O Nd7 10. h3 Bxf3 11. Bxf3 Nf5 12. Bf4 Qa5 13. a4 Nh4 14. Nd2 Nxf3+
15. Nxf3 Qb6 16. Qc2 a5 17. Rfe1 e6 18. Ne5 Nxe5 19. Bxe5 Rfd8 20. Rad1 Rd5 21.
Rd2 Rad8 22. Rde2 c5 23. dxc5 Qxc5 24. Bf4 Qc4 25. Re4 Qa2 26. R4e2 h6 27. Rd2
Rxd2 28. Bxd2 Rc8 29. Rc1 Qd5 30. c4 Qe5 31. b3 Rd8 32. c5 Qc7 33. Be3 Rd5 34.
Rd1 Qd7 35. Rxd5 exd5 36. Qd2 d4 37. Bxh6 Bxh6 38. Qxh6 d3 39. Qd2 Qd5 40. Kf1
Qxb3 41. Qxa5 Qd1+ 42. Qe1 Qc2 43. Qe8+ Kg7 44. Qe5+ Kh7 45. g3 d2 46. Qf6
d1=Q+ 47. Kg2 Qe4+ 0-1

[Event "26. Copenhagen Open  (Politiken Cup)"]
[Site "Taastrup"]
[Date "2004.07.27"]
[Round "5"]
[White "Jaeger, Frode Bull"]
[Black "Vedelfort, Tommy"]
[Result "1/2-1/2"]
[WhiteElo "2035"]
[BlackElo "1867"]
[PlyCount "95"]
[EventDate "2004.07.24"]
[EventType "swiss"]
[EventRounds "10"]
[EventCountry "DEN"]
[SourceDate "2004.01.01"]

1. e4 e6 2. d4 d5 3. Nd2 Nf6 4. e5 Nfd7 5. c3 c5 6. Bd3 Nc6 7. Ne2 Qb6 8. Nf3
cxd4 9. cxd4 h6 10. O-O Be7 11. b3 Nf8 12. Bb2 Nb4 13. Bb1 Bd7 14. Nc3 a6 15.
a3 Nc6 16. b4 Na7 17. Na4 Bxa4 18. Qxa4+ Qc6 19. Qb3 Nd7 20. Rc1 Qb6 21. Bd3
Nc6 22. Rc2 O-O 23. Re1 a5 24. b5 a4 25. Qa2 Na5 26. Rce2 Rfc8 27. Nd2 Rc7 28.
f4 Rac8 29. f5 Bg5 30. Nf3 Nc4 31. fxe6 fxe6 32. Nxg5 hxg5 33. Qa1 Qxb5 34. Bc1
g4 35. Bg5 Qb3 36. Bc2 Qxa3 37. Bxa4 Qxa1 38. Rxa1 Ra8 39. Rea2 Ndb6 40. Bd1
Rxa2 41. Rxa2 g3 42. hxg3 Nd7 43. Ra8+ Nf8 44. Bh5 Nb6 45. Ra1 g6 46. Bg4 Nbd7
47. Ra7 Kf7 48. Kf2 1/2-1/2

[Event "26. Copenhagen Open  (Politiken Cup)"]
[Site "Taastrup"]
[Date "2004.07.27"]
[Round "5"]
[White "Jakobsen, Ole"]
[Black "Johannessen, Leif Erlend"]
[Result "1/2-1/2"]
[WhiteElo "2379"]
[BlackElo "2538"]
[PlyCount "43"]
[EventDate "2004.07.24"]
[EventType "swiss"]
[EventRounds "10"]
[EventCountry "DEN"]
[SourceDate "2004.01.01"]

1. d4 e6 2. c4 Nf6 3. Nf3 d5 4. Nc3 Be7 5. Bg5 h6 6. Bh4 O-O 7. e3 b6 8. Bd3
Bb7 9. O-O Nbd7 10. Qe2 Ne4 11. Bg3 c5 12. Rad1 cxd4 13. exd4 Nxg3 14. hxg3
dxc4 15. Bxc4 Nf6 16. Ne5 Bb4 17. Nb1 Rc8 18. a3 Be7 19. Nc3 Nd5 20. Ne4 Nf6
21. Nc3 Nd5 22. Ne4 1/2-1/2

[Event "26. Copenhagen Open  (Politiken Cup)"]
[Site "Taastrup"]
[Date "2004.07.27"]
[Round "5"]
[White "Jensen, Sren"]
[Black "Hansen, Herluf"]
[Result "0-1"]
[WhiteElo "1609"]
[BlackElo "2028"]
[PlyCount "54"]
[EventDate "2004.07.24"]
[EventType "swiss"]
[EventRounds "10"]
[EventCountry "DEN"]
[SourceDate "2004.01.01"]

1. Nf3 Nf6 2. g3 d5 3. c4 e6 4. b3 d4 5. Bb2 c5 6. d3 Nc6 7. Bg2 g6 8. O-O Bg7
9. e3 O-O 10. exd4 cxd4 11. Na3 Qb6 12. Re1 Rd8 13. Nc2 Nd7 14. Qd2 a5 15. Rab1
e5 16. Ba1 Nc5 17. Red1 Bf5 18. Bf1 e4 19. dxe4 Nxe4 20. Qf4 Nxf2 21. Rd2 d3
22. Qe3 dxc2 23. Qxb6 cxb1=Q 24. Rxd8+ Rxd8 25. Bxg7 Nh3+ 26. Kg2 Kxg7 27. Qxb7
Qe4 0-1

[Event "26. Copenhagen Open  (Politiken Cup)"]
[Site "Taastrup"]
[Date "2004.07.27"]
[Round "5"]
[White "Joensen, Hjalmar"]
[Black "Hansen, Erik Friberg"]
[Result "1-0"]
[WhiteElo "1618"]
[BlackElo "1286"]
[PlyCount "57"]
[EventDate "2004.07.24"]
[EventType "swiss"]
[EventRounds "10"]
[EventCountry "DEN"]
[SourceDate "2004.01.01"]

1. d4 d5 2. c4 e6 3. Nf3 Nf6 4. Nc3 Bd6 5. e3 Nbd7 6. Qc2 O-O 7. Bd3 h6 8. Bd2
c6 9. c5 Be7 10. b4 b5 11. a4 a6 12. axb5 cxb5 13. Nxb5 Re8 14. Nc3 Bb7 15. O-O
Qc7 16. Ra3 e5 17. Be2 e4 18. Nh4 Rf8 19. Rfa1 Nb8 20. Nf5 Re8 21. b5 Qd7 22.
Nxe7+ Qxe7 23. b6 Qe6 24. Nb5 axb5 25. Rxa8 Bxa8 26. Rxa8 Qc6 27. Ra5 Re7 28.
Bxb5 Qb7 29. Ra7 1-0

[Event "26. Copenhagen Open  (Politiken Cup)"]
[Site "Taastrup"]
[Date "2004.07.27"]
[Round "5"]
[White "Johansen, Paul"]
[Black "Hansen, Torbjorn Ringdal"]
[Result "0-1"]
[WhiteElo "2117"]
[BlackElo "2346"]
[PlyCount "124"]
[EventDate "2004.07.24"]
[EventType "swiss"]
[EventRounds "10"]
[EventCountry "DEN"]
[SourceDate "2004.01.01"]

1. e4 c6 2. c4 d5 3. cxd5 cxd5 4. exd5 Nf6 5. Nc3 g6 6. Nf3 Bg7 7. Bc4 O-O 8.
O-O Nbd7 9. Re1 Nb6 10. d3 Nbxd5 11. Bxd5 Nxd5 12. Nxd5 Qxd5 13. Rxe7 b6 14.
Qb3 Qd6 15. Re4 Be6 16. Bf4 Qc6 17. Qb4 a5 18. Qd2 Rad8 19. Re3 Bd5 20. Rc1 Qa4
21. Bc7 Rc8 22. b3 Qg4 23. h3 Qh5 24. Bf4 Qf5 25. Rxc8 Rxc8 26. g4 Qd7 27. Ne5
Qb5 28. Nc4 Ba8 29. g5 Qc6 30. Re4 b5 31. Nxa5 Qd7 32. Qe3 Bxe4 33. dxe4 Bc3
34. b4 Bxb4 35. Nb3 Rc3 36. Qd4 Qxd4 37. Nxd4 Rc5 38. Kg2 Bc3 39. Nb3 Rc8 40.
Bd6 Ra8 41. Nc1 Bd2 42. Nd3 Bxg5 43. f4 Rxa2+ 44. Kf3 Bd8 45. f5 Rd2 46. Ke3
Bg5+ 47. Kd4 Rd1 48. Kc3 Rh1 49. Nf2 Rf1 50. Bc5 Rc1+ 51. Kb4 Rc4+ 52. Kxb5
Rxc5+ 53. Kxc5 Be3+ 54. Kd5 Bxf2 55. Ke5 Bg3+ 56. Kf6 Bh4+ 57. Ke5 Kg7 58. Kf4
Be1 59. e5 Bc3 60. f6+ Kf8 61. h4 h5 62. Kg5 Bd2# 0-1

[Event "26. Copenhagen Open  (Politiken Cup)"]
[Site "Taastrup"]
[Date "2004.07.27"]
[Round "5"]
[White "Jorgensen, Mikkel"]
[Black "Nielsen, Borge Hjerrild"]
[Result "1/2-1/2"]
[WhiteElo "1680"]
[BlackElo "2097"]
[PlyCount "94"]
[EventDate "2004.07.24"]
[EventType "swiss"]
[EventRounds "10"]
[EventCountry "DEN"]
[SourceDate "2004.01.01"]

1. d4 d5 2. e4 dxe4 3. Nc3 Nf6 4. f3 exf3 5. Nxf3 g6 6. Bc4 Bg7 7. O-O O-O 8.
Be3 Bg4 9. h3 Bxf3 10. Qxf3 c6 11. Rf2 Nbd7 12. Raf1 Nb6 13. Bd3 Nbd5 14. Bc1
Nb4 15. Ne2 Nxd3 16. Qxd3 Qd7 17. Rf4 Rad8 18. Rh4 c5 19. Qa3 cxd4 20. Rxd4 Qc6
21. Rxd8 Rxd8 22. Bg5 Qxc2 23. Nc3 Rd7 24. Rf2 Qd3 25. Rd2 Qf5 26. Rxd7 Qxd7
27. Qxa7 h6 28. Be3 Kh7 29. Bd4 Ne8 30. Bxg7 Kxg7 31. a4 e5 32. Kh1 Qc6 33. Qe3
f6 34. b4 Nc7 35. Qd3 Ne6 36. b5 Qc7 37. a5 Nd4 38. a6 bxa6 39. bxa6 Qb6 40.
Qc4 h5 41. Qc8 g5 42. Qd7+ Kh6 43. a7 Qa6 44. Qa4 Qf1+ 45. Kh2 Nf3+ 46. gxf3
Qf2+ 47. Kh1 Qf1+ 1/2-1/2

[Event "26. Copenhagen Open  (Politiken Cup)"]
[Site "Taastrup"]
[Date "2004.07.27"]
[Round "5"]
[White "Konstatinov, Maxim"]
[Black "Christensen, Janus"]
[Result "0-1"]
[WhiteElo "1517"]
[BlackElo "2054"]
[PlyCount "46"]
[EventDate "2004.07.24"]
[EventType "swiss"]
[EventRounds "10"]
[EventCountry "DEN"]
[SourceDate "2004.01.01"]

1. d4 Nf6 2. c4 e5 3. dxe5 Ng4 4. Nf3 Bc5 5. e3 Nc6 6. a3 a5 7. Be2 Ncxe5 8.
O-O d6 9. Nxe5 Nxe5 10. Nd2 Qh4 11. Nf3 Nxf3+ 12. Bxf3 Qxc4 13. Bd5 Qh4 14. Qf3
O-O 15. Bxb7 Rb8 16. Bd5 Be6 17. b3 c6 18. Bxc6 Bxb3 19. a4 Bb4 20. Bb2 Rbc8
21. Bd4 Qg5 22. Rfc1 Rxc6 23. Rxc6 Bd5 0-1

[Event "26. Copenhagen Open  (Politiken Cup)"]
[Site "Taastrup"]
[Date "2004.07.27"]
[Round "5"]
[White "Kotiranta, Vinni"]
[Black "Pozzo, Sebastian"]
[Result "1-0"]
[WhiteElo "1150"]
[BlackElo "1650"]
[PlyCount "53"]
[EventDate "2004.07.24"]
[EventType "swiss"]
[EventRounds "10"]
[EventCountry "DEN"]
[SourceDate "2004.01.01"]

1. d4 Nf6 2. Nf3 g6 3. g3 Bg7 4. c3 d6 5. Bf4 O-O 6. Nbd2 Nh5 7. h4 f5 8. Qb3+
d5 9. Ne5 e6 10. Ndf3 c6 11. Qc2 b5 12. b4 Qe7 13. Qd2 a5 14. Bg5 Bf6 15. Bxf6
Rxf6 16. Qh6 axb4 17. e3 bxc3 18. Bd3 b4 19. Ke2 Ba6 20. Rhb1 Bxd3+ 21. Nxd3
Na6 22. Nc5 Nxc5 23. Rxb4 Ne4 24. Rb3 c5 25. Ng5 cxd4 26. exd4 Qf8 27. Qxh7#
1-0

[Event "26. Copenhagen Open  (Politiken Cup)"]
[Site "Taastrup"]
[Date "2004.07.27"]
[Round "5"]
[White "Laato, Samuli"]
[Black "Stolberg Rohr, Thomine"]
[Result "1-0"]
[WhiteElo "1667"]
[BlackElo "2043"]
[PlyCount "33"]
[EventDate "2004.07.24"]
[EventType "swiss"]
[EventRounds "10"]
[EventCountry "DEN"]
[SourceDate "2004.01.01"]

1. d4 g6 2. c4 Bg7 3. Nc3 d6 4. Nf3 e5 5. e3 Nc6 6. Be2 Bg4 7. O-O f5 8. d5 e4
9. dxc6 exf3 10. Bxf3 Bxf3 11. Qxf3 b6 12. e4 Ne7 13. Bg5 O-O 14. Nd5 Rf7 15.
Nxe7+ Rxe7 16. Bxe7 Qxe7 17. exf5 1-0

[Event "26. Copenhagen Open  (Politiken Cup)"]
[Site "Taastrup"]
[Date "2004.07.27"]
[Round "5"]
[White "Laato, Tuomas"]
[Black "Onstad, Lars H"]
[Result "0-1"]
[WhiteElo "1394"]
[BlackElo "1778"]
[PlyCount "74"]
[EventDate "2004.07.24"]
[EventType "swiss"]
[EventRounds "10"]
[EventCountry "DEN"]
[SourceDate "2004.01.01"]

1. Nf3 Nf6 2. g3 d6 3. Bg2 Nbd7 4. O-O e5 5. d3 Be7 6. Bg5 c6 7. Nbd2 O-O 8.
Re1 h6 9. Bxf6 Nxf6 10. e4 Be6 11. c3 Qc7 12. Qc2 Nh5 13. a3 a5 14. Qc1 Rad8
15. Nc4 Nf6 16. Ncd2 Nd7 17. Qc2 c5 18. c4 Nb8 19. Nb1 f5 20. Nc3 f4 21. Rf1 g5
22. Qe2 g4 23. Nd2 Nc6 24. Nb5 Qd7 25. Bh1 Rf7 26. Rab1 Rdf8 27. Ra1 h5 28.
Rae1 h4 29. b3 Rg7 30. Rd1 f3 31. Qe1 Qe8 32. Nc7 Qg6 33. Nxe6 Qxe6 34. Nb1 Qh6
35. Nc3 Rh7 36. Nd5 hxg3 37. Nxe7+ Nxe7 0-1

[Event "26. Copenhagen Open  (Politiken Cup)"]
[Site "Taastrup"]
[Date "2004.07.27"]
[Round "5"]
[White "Larsen, Andreas"]
[Black "Munk, Poul"]
[Result "1/2-1/2"]
[WhiteElo "1537"]
[BlackElo "1992"]
[PlyCount "84"]
[EventDate "2004.07.24"]
[EventType "swiss"]
[EventRounds "10"]
[EventCountry "DEN"]
[SourceDate "2004.01.01"]

1. b4 a5 2. b5 Nf6 3. Bb2 d6 4. e3 g6 5. Nf3 Bg7 6. Be2 O-O 7. O-O c5 8. a4 Qc7
9. c4 Re8 10. d4 cxd4 11. Bxd4 Nbd7 12. Nbd2 Nc5 13. Nb3 Nfe4 14. Bxg7 Kxg7 15.
Nxc5 Nxc5 16. Qd4+ e5 17. Qh4 f6 18. Rfd1 Be6 19. Nd2 Rad8 20. e4 Qf7 21. Ra3
b6 22. f4 exf4 23. Qxf4 Qe7 24. Rf1 Rf8 25. Nf3 Bg8 26. Nd2 Qe5 27. Qf2 f5 28.
Rf3 Nxe4 29. Nxe4 Qxe4 30. Bd3 Qe5 31. Qxb6 Qc5+ 32. Qxc5 dxc5 33. Re1 Rd4 34.
Re7+ Rf7 35. Rxf7+ Bxf7 36. Be2 Bxc4 37. Bxc4 Rxc4 38. Rb3 Rd4 39. b6 Rd8 40.
Rb5 Rb8 41. Rxc5 Rxb6 42. Rxa5 Rb2 1/2-1/2

[Event "26. Copenhagen Open  (Politiken Cup)"]
[Site "Taastrup"]
[Date "2004.07.27"]
[Round "5"]
[White "Larsen, Arne"]
[Black "Jensen, Alexander Lindberg"]
[Result "1-0"]
[WhiteElo "1823"]
[BlackElo "1567"]
[PlyCount "97"]
[EventDate "2004.07.24"]
[EventType "swiss"]
[EventRounds "10"]
[EventCountry "DEN"]
[SourceDate "2004.01.01"]

1. Nf3 g6 2. d3 Bg7 3. g3 Nf6 4. Bg2 O-O 5. c4 d6 6. Nc3 c5 7. O-O Bd7 8. Rb1
Nc6 9. e4 e5 10. a3 a6 11. b4 b6 12. h3 Qc8 13. Kh2 Ne8 14. Nd5 Qd8 15. Bg5 f6
16. Be3 Ne7 17. Nxe7+ Qxe7 18. bxc5 bxc5 19. Rb7 Qd8 20. Qb3 Be6 21. Rb1 Rf7
22. Rxf7 Kxf7 23. Qb7+ Kf8 24. Nh4 Qc8 25. Qb6 Bd7 26. f4 Qc6 27. Qxc6 Bxc6 28.
fxe5 fxe5 29. Nf3 h6 30. Nh4 Kf7 31. Rf1+ Nf6 32. Rb1 Rc8 33. Rb6 Rc7 34. Rxa6
Bf8 35. Rb6 Bd7 36. Bf3 Ra7 37. Bc1 g5 38. Nf5 Bxf5 39. exf5 Be7 40. Bc6 Bd8
41. Rb7+ Rxb7 42. Bxb7 Ba5 43. Be4 Nd7 44. Kg2 Kf6 45. Kf3 Bc3 46. Ke2 Nb6 47.
g4 Ke7 48. Bc6 Ba5 49. Bd2 1-0

[Event "26. Copenhagen Open  (Politiken Cup)"]
[Site "Taastrup"]
[Date "2004.07.27"]
[Round "5"]
[White "Lauritsen, Martin Lee"]
[Black "Sondergaard, Bent Hvid"]
[Result "1-0"]
[WhiteElo "2040"]
[BlackElo "1488"]
[PlyCount "51"]
[EventDate "2004.07.24"]
[EventType "swiss"]
[EventRounds "10"]
[EventCountry "DEN"]
[SourceDate "2004.01.01"]

1. e4 d5 2. exd5 Qxd5 3. Nc3 Qa5 4. d4 Nf6 5. Bc4 c6 6. Bd2 Qb6 7. Qe2 Bf5 8.
O-O-O e6 9. Nf3 Nbd7 10. Nh4 Bg6 11. g4 O-O-O 12. Bf4 Re8 13. Rhe1 Be7 14. Nxg6
hxg6 15. Bg3 g5 16. f3 Qd8 17. Qe3 Nb6 18. Bf1 Nfd7 19. Ne4 Nd5 20. Qd2 f5 21.
Nd6+ Bxd6 22. Bxd6 f4 23. Kb1 Ne3 24. Rc1 Rh6 25. Qc3 Nd5 26. Qxc6+ 1-0